Normal view
MARC view
- Saunders, Simon R.
Entry Personal Name
001 - CONTROL NUMBER
- control field: 33695
003 - CONTROL NUMBER IDENTIFIER
- control field: OSt
005 - DATE AND TIME OF LATEST TRANSACTION
- control field: 20130922114009.0
008 - FIXED-LENGTH DATA ELEMENTS
- fixed length control field: 130922|| aca||aabn | a|a d
040 ## - CATALOGING SOURCE
- Original cataloging agency: OSt
- Transcribing agency: OSt
100 ## - HEADING--PERSONAL NAME
- Personal name: Saunders, Simon R.
670 ## - SOURCE DATA FOUND
- Source citation: Work cat.: (OSt)0: Saunders, Simon R., Antennas and propagation for wireless communications systems /, c2007.